Pokémon - Attacken von Schlurplek in PLA - Statistiken

Allgemein
  • Dieses Quiz wurde 3 mal gespielt
  • Das Durchschnittsergebnis liegt bei 11 aus 22
Antwortstatistiken
Antwort % Korrekt
Donnerblitz
100%
Donnerschlag
100%
Eishieb
100%
Eisstrahl
100%
Tackle
100%
Eissturm
67%
Feuerschlag
67%
Flammenwurf
67%
Steinhagel
67%
Walzer
67%
Aquawelle
33%
Dampfwalze
33%
Eisenschweif
33%
Erholung
33%
Gigastoß
33%
Hyperstrahl
33%
Spukball
33%
Zen-Kopfstoß
33%
Zertrümmerer
33%
Frostbeule
0%
Nassschweif
0%
Risikotackle
0%
Keine übereinstimmenden Quizze gefunden
Verteilung der Resultate
Anzahl Personen mit jedem Resultat
Perzentil nach korrekt beantworteten Fragen
Ihre Resultats-Entwicklung
Sie haben dieses Quiz noch nicht gespielt